Los derechos de la inteligencia

Uloženo v:
Podrobná bibliografie
Hlavní autor: Otero Bello, Edison (autor)
Médium: Kniha
Jazyk:španělština
Vydáno: Santiago Instituto Chileno de Estudios Humanisticos 1985
Vydání:1a. ed
Témata:
Tagy: Přidat tag
Žádné tagy, Buďte první, kdo vytvoří štítek k tomuto záznamu!

MARC

LEADER 00000cam a2200000 a 4500
001 UCE6405
003 CL-VaPUC
008 150409e19851100cl |||||||||||||||||spa|d
082 0 4 |a 378.121  |b OTE  |2 21 
100 |a Otero Bello, Edison  |e autor  |9 585504 
245 1 4 |a Los derechos de la inteligencia 
250 |a 1a. ed 
300 |a 156 p 
942 |c BK 
945 |d 20150409 10:07:00  |a arojas 
260 |a Santiago  |b Instituto Chileno de Estudios Humanisticos  |c 1985 
650 0 |a Libertad de expresión   |9 329993 
650 0 |a Libertad académica  |9 549774 
650 0 |a Educación superior   |9 223851 
650 0 |a Derecho a la educación   |9 307987 
583 |a last modification  |c 20150409 10:07:00  |k Rodrigo Vera 
999 |c 358737  |d 358735 
952 |0 0  |1 0  |3 erb  |4 0  |6 378_121000000000000_OTE_1985  |7 0  |8 A  |9 467625  |a BIBEDU  |b BIBEDU  |i 5158559  |o 378.121 OTE 1985  |p 5158559  |r 2019-11-23  |w 2019-11-23  |y BK  |z Catalogado en:20150409  |k EDU